[Event "Mexico City Icaro op"]
[Site "Mexico City"]
[Date "2007.04.27"]
[Round "1"]
[White "Dominguez Aguilar, Guillermo"]
[Black "Furio, Vidal Pedro"]
[Result "1-0"]
[WhiteElo "2387"]
[BlackElo "2144"]
[PlyCount "55"]
[EventDate "2007.04.27"]
[EventType "swiss"]
[EventRounds "9"]
[EventCountry "MEX"]
[SourceTitle "CBM 118 Extra"]
[Source "ChessBase"]
[SourceDate "2007.07.04"]
[SourceVersion "1"]
[SourceVersionDate "2007.07.04"]
[SourceQuality "1"]

1. e4 g6 2. d4 Bg7 3. Nc3 d6 4. h4 Nf6 5. Be2 h6 6. Be3 a6 7. Qd2 b5 8. f3 Nbd7 9. g4 h5 10. g5 Nh7 11. f4 Bb7 12. d5 c6 13. Bd4 Bxd4 14. Qxd4 0-0 15. Nf3 Qb6 16. a3 Qxd4 17. Nxd4 cxd5 18. exd5 Nb6 19. Bf3 Rfc8 20. 0-0-0 Rc5 21. Rhe1 Re8 22. Rd3 Nf8 23. f5 Nc4 24. fxg6 Nxg6 25. Bxh5 Nxh4 26. Rh3 Ng6 27. Bxg6 fxg6 28. Ne6 1-0